Statistics for Six Closest Countries - South Korea

Click here to take the quiz!

General Stats

  • This quiz has been taken 37 times
  • The average score is 6 of 6

Answer Stats

kmcountrymiles% Correct
50Japan31
100%
0North Korea0
100%
263China164
97%
990Taiwan615
94%
455Russia283
86%
1040Mongolia646
74%

Score Distribution

Percentile by Number Answered

Percent of People with Each Score

Your Score History

You have not taken this quiz